[Event "33rd ECCC Open 2017"]
[Site "Antalya"]
[Date "2017.10.10"]
[Round "2"]
[White "Vajda, Levente"]
[Black "Nepomniachtchi, Ian"]
[Result "1/2-1/2"]
[WhiteElo "2588"]
[BlackElo "2733"]
[Annotator "TA"]
[PlyCount "78"]
[EventType "team-tourn"]
[EventCountry "TUR"]
[SourceTitle "playchess.com"]
[Source "ChessBase"]
[SourceQuality "1"]
[WhiteTeam "Baia Mare"]
[BlackTeam "Globus"]

{[%evp 10,78,5,8,24,10,2,3,16,12,12,18,24,-12,13,6,22,17,21,18,24,6,9,12,15,8,20,7,11,0,0,0,10,3,2,0,0,0,0,-15,-16,-6,-10,-19,0,0,0,0,12,0,14,0,0,0,0,0,0,-8,-8,-8,-2,-1,0,0,0,0,0,-16,0,-7,0]} 1. Nf3 d5 2. d4 Bf5 3. e3 e6 4. c4 c6 5. Nc3 Nd7 6. Bd3 Bg6 {D11: Slav Defence: 3 Nf3 sidelines and 3...Nf6 4 e3 Bg4} 7. Bxg6 hxg6 8. Qb3 $146 ({Predecessor:} 8. Qd3 f5 9. Ne5 Nxe5 10. dxe5 Bb4 11. Bd2 Qg5 12. O-O-O Qxg2 {0-1 (22) Alekseev,V (2440)-Volkov,S (2582) Minsk 2000}) 8... Qb6 9. e4 dxe4 10. Nxe4 Ngf6 11. Nc3 (11. Neg5 {is interesting.} Bb4+ 12. Ke2 Bd6 13. Rd1 O-O 14. Kf1) 11... Qb4 12. Bd2 a6 13. h3 Qxb3 14. axb3 Bd6 15. O-O {[%cal Be1g1,Bg1f1,Bf1e2][%mdl 32]} O-O {The position is equal.} 16. Be3 c5 17. Rfd1 cxd4 18. Nxd4 Be7 19. Nc2 {[%cal Bd4c2,Bc2e1,Be1d3][%mdl 32]} Rac8 20. Kf1 Rfd8 21. Ke2 Kf8 22. Ne1 Bc5 23. Nd3 Bxe3 24. fxe3 Ke7 25. Ra5 Nb8 26. c5 Nfd7 27. b4 b6 28. cxb6 Nxb6 29. Rc5 Nc6 30. b5 axb5 31. Rxb5 Nc4 32. Rc5 N6a5 33. b4 {[#] Hoping for Rxc8.} Nb3 34. Rxc8 Rxc8 35. Ne4 Ra8 36. Nc3 Rc8 37. Ne4 Ra8 38. Nc3 Ra3 39. h4 Ra8 {Precision: White = 61%, Black = 66%.} 1/2-1/2

[Event "33rd ECCC Open 2017"]
[Site "Antalya"]
[Date "2017.10.11"]
[Round "2"]
[White "Mirzoev, Azer"]
[Black "Reimanis, Ritvars"]
[Result "1-0"]
[WhiteElo "2555"]
[BlackElo "2294"]
[Annotator "TA"]
[PlyCount "99"]
[EventType "team-tourn"]
[EventCountry "TUR"]
[WhiteTeam "Odlar Yurdu"]
[BlackTeam "Riga"]

{[%evp 19,99,16,35,20,24,25,29,28,20,18,33,35,58,64,60,54,110,102,110,85,97,104,110,92,85,88,93,68,78,47,45,55,55,55,55,55,55,55,55,33,91,62,105,107,134,131,148,152,149,136,152,155,232,153,201,210,197,186,193,195,229,213,227,216,242,251,251,233,268,277,277,282,276,270,272,283,282,268,376,329,764,747]} 1. d4 Nf6 2. c4 e6 3. Nc3 Bb4 4. Qc2 O-O 5. a3 Bxc3+ 6. Qxc3 Qe8 7. Nf3 d6 8. g3 b6 9. Bg2 Bb7 10. O-O Nbd7 {LiveBook: 8 Games} 11. Rd1 {E32: Nimzo-Indian: Classical (4 Qc2): 4...0-0} Qe7 $146 ({Predecessor:} 11... Rc8 12. b4 c5 13. dxc5 bxc5 14. Bb2 d5 15. cxd5 cxb4 16. Qxb4 Bxd5 17. Rac1 Rb8 18. Qd4 Rb7 {½-½ (64) Rubenchik,R (2306)-Ashley,M (2473) Philadelphia 2002}) 12. b3 Rac8 13. Bb2 {White has an edge.} Rfd8 14. Qe3 Be4 15. Bh3 c5 16. d5 exd5 17. cxd5 {[#] Hoping for Nd2.} Re8 (17... Rb8 $14) 18. Bxf6 $16 gxf6 19. Qd2 Rcd8 20. Nh4 {[%cal Bf3h4,Bh4g2,Bg2f4][%mdl 32]} Bg6 21. Re1 Qe4 22. Rac1 f5 23. Rc4 Qe5 24. Ng2 Nf6 25. Nf4 Ne4 26. Qd3 b5 27. Rc2 Rb8 28. Bf1 Rb6 29. e3 Nf6 ({Black should play} 29... a5 $14) 30. Be2 Nd7 31. h4 {[%cal Bh2h4,Bh4h5][%mdl 32] And now h5 would win.} f6 32. Rec1 Nf8 33. h5 Bf7 34. Bf1 Qe4 35. Qd1 Nd7 (35... Qe5 $16 36. Bh3 Qe4) 36. Ra2 Rbb8 37. Rd2 Rec8 38. Bd3 Qe5 39. Qf1 c4 40. bxc4 bxc4 41. Rxc4 ({Much less strong is} 41. Bxc4 $6 Nc5) 41... Rxc4 42. Bxc4 Nc5 43. Rd4 Be8 44. Qc1 Qe7 45. Qc2 Qb7 46. Qxf5 Qb1+ 47. Qxb1 Rxb1+ 48. Kg2 Ra1 (48... Kf8 {was worth a try.} 49. Bd3 Rb7) 49. Ne6 $18 Na4 $2 {[#]} (49... Nxe6 50. dxe6 Kf8) 50. Rg4+ {Precision: White = 75%, Black = 41%.} 1-0

[Event "33rd ECCC Open 2017"]
[Site "Antalya"]
[Date "2017.10.09"]
[Round "2"]
[White "Sanal, Vahap"]
[Black "Arnaudov, G  Petar"]
[Result "0-1"]
[WhiteElo "2549"]
[BlackElo "2441"]
[Annotator "TA"]
[PlyCount "58"]
[EventType "team-tourn"]
[EventCountry "TUR"]
[SourceTitle "playchess.com"]
[Source "ChessBase"]
[SourceQuality "1"]
[WhiteTeam "Besiktas"]
[BlackTeam "Asseco See"]

{[%evp 16,58,0,1,18,24,33,13,10,13,41,27,29,9,23,-25,14,-37,-38,-40,-46,-41,-38,-40,-57,-271,-260,-257,-257,-262,-252,-368,-358,-458,-448,-544,-545,-523,-529,-638,-636,-611,-604,-5006,-1201]} 1. e4 c6 2. Nc3 d5 3. Nf3 Nf6 4. e5 Ne4 5. Ne2 Qb6 6. d4 {B11: Caro-Kann: Two Knights Variation} e6 7. g3 (7. Ng3 c5 8. Bd3 Nc6 9. Nxe4 dxe4 10. Bxe4 cxd4 11. O-O Bd7 12. a3 h6 13. Re1 {1-0 (71) Short,N (2675)-Caruana,F (2827) Caleta 2017}) 7... c5 8. Bg2 Nc6 9. O-O {LiveBook: 3 Games} Be7 10. c3 {[%cal Bc2c3,Bc3d4][%mdl 32]} O-O 11. Rb1 cxd4 12. cxd4 f6 $146 ({Predecessor:} 12... Bd7 13. h4 {0-1 (24) Gelip,I (2155)-Sielecki,C (2437) Wroclaw 2015}) 13. exf6 Bxf6 14. h4 Bd7 15. Bf4 Kh8 16. Nc3 (16. Be3 $11) 16... Nxd4 $15 17. Ne5 Be8 18. Nxe4 dxe4 19. Bxe4 Rd8 $1 20. Nd3 $2 (20. Qg4 $15) 20... Bc6 $19 21. Re1 Bxe4 22. Rxe4 Qb5 23. a4 (23. Ne1 $142) 23... Qd5 24. f3 {[#]} e5 $1 {[%mdl 512] Black is clearly winning.} 25. Be3 {[#]} (25. Nxe5 Bxe5) 25... Nxf3+ $1 {[%mdl 512]} 26. Qxf3 {Threatens to win with Nf2.} Qxd3 27. Re1 {[#]} Bxh4 $1 {[%mdl 512]} 28. Qg2 {[#]} (28. Rxh4 Rxf3) 28... Bxg3 $1 {[%mdl 512]} 29. Rc1 {[#]} (29. Qxg3 Qxe4) 29... Qd1+ $1 {[%mdl 512] Precision: White = 22%, Black = 70%.} 0-1

[Event "33rd ECCC Open 2017"]
[Site "Antalya"]
[Date "2017.10.09"]
[Round "2"]
[White "Mikhalevski, Victor"]
[Black "Laznicka, Viktor"]
[Result "1/2-1/2"]
[WhiteElo "2547"]
[BlackElo "2654"]
[Annotator "TA"]
[PlyCount "38"]
[EventType "team-tourn"]
[EventCountry "TUR"]
[SourceTitle "playchess.com"]
[Source "ChessBase"]
[SourceQuality "1"]
[WhiteTeam "Beer Sheva"]
[BlackTeam "Novy Bor"]

{[%evp 10,38,0,0,18,16,16,16,18,17,16,0,0,0,85,84,295,-7,0,0,0,0,0,0,0,0,0,0,0,0,0]} 1. c4 c6 2. d4 d5 3. cxd5 cxd5 4. Bg5 (4. Nc3 Nf6 5. Bf4 Nc6 6. e3 Bf5 7. Qb3 Na5 8. Qa4+ Bd7 9. Qc2 e6 10. Bd3 Be7 11. Nf3 Nc6 12. a3 Nh5 13. Be5 f6 14. Bf4 Nxf4 15. exf4 g6 {½-½ (80) Rapport,R (2675)-Najer,E (2707) Tbilisi 2017}) 4... h6 5. Bh4 Qb6 6. Nc3 {LiveBook: 19 Games. D10: Slav Defence: 3 cxd5 (without early Nf3) and 3 Nc3} Qxb2 7. Nxd5 e6 $1 {[%cal Re6d5]} 8. Rb1 ({Avoid the trap} 8. Nc7+ $2 Kd7 $19) 8... Qa3 $1 9. Qc2 {[%cal Rc2c8]} Qa5+ $146 ({Predecessor:} 9... Na6 10. e4 Qa5+ 11. Qc3 Qxc3+ 12. Nxc3 {1-0 (58) Sedlak,N (2518)-Raja,H (2302) Palic 2016}) 10. Kd1 Na6 $1 ({But not} 10... Nc6 $2 11. Rb5 $1 $18 {[%mdl 512]}) 11. e4 $1 Bd7 (11... exd5 $11 12. Bb5+ Bd7 13. Bxd7+ Kxd7 14. Rxb7+ Nc7) 12. Bxa6 $1 $16 {Threatens to win with Nc7+.} Rc8 $2 {[#]} (12... exd5 $16 {might work better.} 13. Bxb7 Rb8) 13. Qxc8+ $2 (13. Rb5 $1 $18 {[%cal Rb5a5][%mdl 512]} Qxa6 {[#]} (13... Bxb5 14. Qxc8+) 14. Qxc8+ $1 {[%mdl 512]} Bxc8 15. Nc7+ Kd7 16. Nxa6 bxa6 17. Rb1 (17. Rb8 Bd6 $18)) 13... Bxc8 $11 {The position is equal.} 14. Bb5+ Bd7 15. Bxd7+ Kxd7 16. Rxb7+ Ke8 (16... Kc8 $5 17. Rc7+ $8 Kb8 $11) 17. Rb8+ Kd7 18. Rb7+ $1 Ke8 (18... Kc8 $5 19. Rc7+ $8 Kb8 $11) 19. Nc7+ Kd7 {Precision: White = 43%, Black = 73%.} 1/2-1/2

[Event "33rd ECCC Open 2017"]
[Site "Antalya"]
[Date "2017.10.11"]
[Round "2"]
[White "Dvirnyy, Danyyil"]
[Black "Czebe, Attila"]
[Result "1-0"]
[WhiteElo "2542"]
[BlackElo "2467"]
[Annotator "TA"]
[PlyCount "67"]
[EventType "team-tourn"]
[EventCountry "TUR"]
[SourceTitle "playchess.com"]
[Source "ChessBase"]
[SourceQuality "1"]
[WhiteTeam "Padova"]
[BlackTeam "Dunajska Streda"]

{[%evp 19,67,73,82,75,92,40,54,47,42,54,124,99,132,127,135,93,148,146,146,104,230,232,286,313,312,281,310,310,285,270,263,234,286,291,438,474,527,512,471,405,569,482,681,691,660,668,666,662,667,595]} 1. d4 Nf6 2. c4 c5 3. d5 e5 4. Nc3 d6 5. e4 Nbd7 6. g3 g6 7. Bg2 Bg7 8. Nf3 a6 9. a4 O-O 10. O-O Ne8 11. Be3 {E64: King's Indian: Fianchetto: 6...c5 7 d5} Nc7 12. Ne1 $146 (12. a5 $16) ({Predecessor:} 12. Qd2 f5 13. exf5 gxf5 14. Ng5 Nb6 15. Qd3 h6 16. Nh3 f4 17. a5 Nxc4 18. Qxc4 f3 19. Bxf3 Rxf3 20. Kg2 Rf8 21. f4 Bxh3+ 22. Kxh3 Qd7+ 23. Kg2 exf4 24. Bxf4 {½-½ (24) Marovic,D (2490)-Tringov,G (2470) Zagreb 1975}) 12... Rb8 13. Nd3 {White is slightly better.} b5 14. cxb5 axb5 (14... f5 $14) 15. b4 $1 $16 {[%cal Bb2b4,Bb4b5][%mdl 32]} c4 16. Nb2 $36 {[%mdl 2048] Strongly threatening axb5. Keeping Black busy.} bxa4 17. Qxa4 Na6 {[#]} (17... Ba6 $142) 18. b5 $1 {[%cal Rb5a6]} (18. Nxc4 Rxb4 19. Qa2 Qc7 $11) 18... Nac5 19. Qxc4 Bb7 {[#]} (19... f5 $16 {was necessary.}) 20. Nca4 $1 $18 Rc8 21. Nxc5 Nxc5 22. Ra7 f5 23. Qb4 Rf7 24. exf5 gxf5 25. b6 e4 26. Nc4 Ba6 {[#]} (26... Qf8 {keeps fighting.} 27. Qb5 Bh6) 27. Nxd6 $1 {[%mdl 512]} Qxd6 {[#]} 28. Rxa6 $1 {[%mdl 512]} Bf8 (28... Nxa6 29. Qxd6) 29. Ra5 Rb7 (29... Nb7 $142 30. Qxd6 Nxd6) 30. Rb5 {White is clearly winning.} Qxd5 (30... Nd3 $142 31. Qxd6 Bxd6) 31. Rc1 Nd3 32. Rxc8 {[%csl Gc8][%cal Rb4f8]} Nxb4 33. Rxd5 Nxd5 34. Bh6 {Precision: White = 75%, Black = 36%.} 1-0

[Event "33rd ECCC Open 2017"]
[Site "Antalya"]
[Date "2017.10.11"]
[Round "2"]
[White "Demuth, Adrien"]
[Black "Rodshtein, Maxim"]
[Result "1/2-1/2"]
[WhiteElo "2538"]
[BlackElo "2699"]
[Annotator "TA"]
[PlyCount "87"]
[EventType "team-tourn"]
[EventCountry "TUR"]
[SourceTitle "playchess.com"]
[Source "ChessBase"]
[SourceQuality "1"]
[WhiteTeam "Nice Alekhine"]
[BlackTeam "Mednyi Vsadnik"]

{[%evp 9,87,-5,-22,-26,0,0,0,-4,8,1,-4,-20,-15,-34,-31,-41,-22,-40,-35,-45,-35,-47,-51,-47,-43,-33,-41,-115,-127,-133,-143,-364,-174,-167,-172,-182,-180,-175,-173,-169,-175,-160,-122,-125,-141,-134,-150,-113,-113,-152,-143,-146,-143,-138,-132,-156,0,0,0,0,0,0,8,8,8,8,55,55,58,58,60,60,99,55,54,8,8,0,0,0]} 1. Nf3 d5 2. c4 d4 3. b4 Bg4 4. Qb3 (4. g3 Bxf3 5. exf3 e6 6. Qb3 a5 7. b5 Nd7 8. Bg2 Nc5 9. Qc2 h5 10. d3 h4 11. f4 Nh6 {½-½ (40) Caruana,F (2807)-Anand,V (2783) Saint Louis 2017}) 4... c6 5. e3 $146 ({Predecessor:} 5. g3 Bxf3 6. exf3 a5 7. bxa5 Qc7 8. f4 Nd7 9. Ba3 e5 10. Bxf8 Nxf8 11. Bh3 exf4 {0-1 (29) Van Wely,L (2654)-Tomashevsky,E (2695) Dubai 2014}) 5... Bxf3 6. gxf3 {A09: Réti Opening: 1 Nf3 d5 2 c4} g6 7. Bb2 Bg7 8. Na3 Nh6 9. Nc2 {[%cal Rc2d4]} e5 10. f4 (10. h4 {looks sharper.} a5 11. h5 Nd7 12. exd4 exd4 13. O-O-O) 10... exf4 11. Bxd4 Bxd4 12. Nxd4 O-O 13. Bg2 Nd7 14. Qc3 Qf6 15. Ne2 fxe3 16. dxe3 Ne5 17. O-O $1 Rad8 18. Qc2 (18. f4 $15 Neg4 19. Qxf6 Nxf6 20. e4) 18... Nf5 $1 $36 {[%mdl 2048] Black is on the roll.} 19. Ng3 Nh4 $1 20. f4 $2 {[#]} (20. Qe2 $17) 20... Nhf3+ (20... Nef3+ $142 $1 {[%mdl 512]} 21. Bxf3 (21. Rxf3 Nxf3+) 21... Nxf3+ 22. Rxf3 Qxa1+ 23. Rf1 Qf6) 21. Kh1 $19 {[#]} Nxh2 $1 {[%mdl 512]} 22. Kxh2 Ng4+ 23. Kg1 Nxe3 24. Qf2 Nxf1 25. Rxf1 Qd4 26. b5 Qxc4 27. bxc6 bxc6 28. Qxa7 Ra8 29. Qb7 Ra3 30. Ne4 Rxa2 31. Qe7 Qd4+ 32. Kh1 {[#]} Qd8 $2 (32... Ra5 $1 $17 {[%cal Ra5h5] Threatens to win with ...Rh5+.} 33. f5 Qd8) 33. Qe5 $1 $11 Qh4+ 34. Kg1 Rd8 35. f5 Ra7 36. Nf6+ Kf8 37. Nxh7+ Qxh7 38. Qc5+ Kg8 {Strongly threatening ...Rad7.} ({But not} 38... Re7 $2 39. f6 $18) 39. Qxa7 {Qe7 is the strong threat.} gxf5 40. Qe7 Ra8 41. Qe5 Qg7 42. Qxf5 {With the idea Rf3.} Ra1 $1 43. Qc8+ Kh7 44. Qf5+ {Precision: White = 59%, Black = 68%.} 1/2-1/2

[Event "33rd ECCC Open 2017"]
[Site "Antalya"]
[Date "2017.10.11"]
[Round "2"]
[White "Kantans, Toms"]
[Black "Naiditsch, Arkadij"]
[Result "1/2-1/2"]
[WhiteElo "2524"]
[BlackElo "2702"]
[Annotator "TA"]
[PlyCount "112"]
[EventType "team-tourn"]
[EventCountry "TUR"]
[SourceTitle "playchess.com"]
[Source "ChessBase"]
[SourceQuality "1"]
[WhiteTeam "Riga"]
[BlackTeam "Odlar Yurdu"]

{[%evp 25,112,36,48,34,26,35,26,13,20,29,81,0,34,48,48,27,25,25,39,36,63,67,66,63,65,59,62,61,58,50,56,19,54,0,0,0,0,0,0,-8,-8,-10,0,0,0,0,0,0,0,0,0,0,0,0,0,0,0,0,0,0,0,0,0,0,0,0,0,0,0,0,0,-1,0,0,0,0,0,0,0,0,0,0,0,0,0,0,0,0,0]} 1. e4 c5 2. Nf3 d6 3. d4 cxd4 4. Nxd4 Nf6 5. Nc3 a6 6. Bg5 e6 7. f4 Qb6 8. Qd2 Nc6 9. Bxf6 gxf6 10. Nb3 Bd7 11. O-O-O O-O-O {B60: Sicilian: Richter-Rauzer: Unusual Black 6th moves and 6...Bd7 without 7 Qd2} 12. Be2 h5 13. Rhf1 Na5 {LiveBook: 11 Games. White is slightly better.} (13... Kb8 14. Rf3 Be7 15. Kb1 h4 16. a3 Rc8 17. Qe1 {1-0 (43) Sjugirov,S (2673)-Alekseenko,K (2588) Moscow 2017}) 14. Nxa5 Qxa5 15. Rf3 $146 ({Predecessor:} 15. Kb1 Be7 16. Nd5 {1-0 (16) Vocaturo,D (2383)-Aleksic,N (2376) Assisi 2008}) 15... Rg8 16. Qd4 f5 17. exf5 d5 (17... Rxg2 $11 {keeps the balance.} 18. Rg3 Rxh2) 18. Qe5 (18. fxe6 $16 fxe6 19. f5) 18... Qc7 (18... Rxg2 {with more complications.} 19. fxe6 fxe6 20. Qxh5 Bg7 21. Qh3 Rg6) 19. Qxc7+ Kxc7 20. Bf1 Bd6 21. Ne2 exf5 22. Rh3 Rg4 23. Rxh5 Bxf4+ 24. Nxf4 Rxf4 25. Be2 Re8 26. Bf3 d4 27. Rh7 Re7 28. Rd3 {[#] Black must now prevent g3.} Bb5 29. g3 ({Better is} 29. Rd2 $1 $14) 29... Bxd3 $11 {The position is equal.} 30. gxf4 {[%mdl 4096] Endgame KRB-KRB} Be4 31. Be2 (31. Bh5 {looks sharper.} Kd8 32. Bxf7 Rc7 33. Rh8+ Kd7 34. Bb3) 31... Kd6 32. Kd2 Bxc2 33. Bc4 Bb1 34. Rxf7 Re3 {Strongly threatening ...Be4.} 35. Rxb7 Rh3 36. Bxa6 Rxh2+ 37. Kc1 Rh1+ 38. Kd2 Rh2+ 39. Kc1 Be4 {[#] ...d3 is the strong threat.} 40. Rb8 Rf2 41. Rd8+ Kc5 42. b4+ Kxb4 43. Rxd4+ Kc5 44. Ra4 Kb6 45. Bc4 Kc6 46. Ba6 Kc5 47. a3 Kd6 48. Bd3 Rxf4 (48... Bxd3 {keeps more tension.} 49. Rd4+ Ke6 50. Rxd3 Rxf4 51. Kd2 Ra4) 49. Bxe4 fxe4 {KR-KR} 50. Kd1 $1 Rh4 51. Ke2 Ke5 52. Ra8 Rh2+ 53. Ke3 Rh3+ 54. Ke2 Rh2+ 55. Ke3 Rh3+ 56. Ke2 Rh2+ {Precision: White = 75%, Black = 60%.} 1/2-1/2

[Event "33rd ECCC Open 2017"]
[Site "Antalya"]
[Date "2017.10.09"]
[Round "2"]
[White "Mogranzini, Roberto"]
[Black "Csonka, Attila Istvan"]
[Result "0-1"]
[WhiteElo "2501"]
[BlackElo "2347"]
[Annotator "TA"]
[PlyCount "80"]
[EventType "team-tourn"]
[EventCountry "TUR"]
[SourceTitle "playchess.com"]
[Source "ChessBase"]
[SourceQuality "1"]
[WhiteTeam "Padova"]
[BlackTeam "Dunajska Streda"]

{[%evp 23,80,13,18,0,20,9,27,14,14,0,14,18,10,14,21,21,37,37,41,33,39,29,35,30,30,30,33,30,33,30,31,24,35,18,23,0,23,7,19,0,0,0,0,0,0,0,0,0,0,0,0,0,0,0,4,-12,-12,-29996,-29997]} 1. c4 Nf6 2. g3 e6 3. Bg2 d5 4. Nf3 Be7 5. O-O O-O 6. b3 b6 7. cxd5 exd5 8. d4 Bb7 9. Bb2 Nbd7 10. Nc3 Ne4 11. Rc1 {E17: Queen's Indian: 4 g3 Bb7 5 Bg2 Be7} Nxc3 12. Rxc3 Bd6 {LiveBook: 3 Games} 13. Rc2 {The position is equal.} Re8 14. Qc1 {[#]} Rc8 $146 ({Predecessor:} 14... Qe7 15. Rd1 Nf6 16. Ne5 {½-½ (16) Mastrovasilis,A (2503)-Rozentalis,E (2588) Chalkida 2009}) 15. Rd1 Qe7 16. Nh4 Qe6 17. Ba3 Bxa3 18. Qxa3 a5 19. Qc1 c5 20. Nf3 h6 21. dxc5 Rxc5 22. Nd4 Qf6 23. Bh3 Rxc2 24. Qxc2 Nc5 25. e3 g6 26. Bg2 Rc8 27. Qd2 Ne4 28. Bxe4 (28. Qb2 {feels hotter.} Nc3 29. Rd2 Ne4 30. Rc2 Rc5 31. a3) 28... dxe4 29. b4 Qe5 30. Rb1 {[#] aiming for bxa5.} Ba6 31. a3 Bd3 32. Rc1 Rxc1+ 33. Qxc1 axb4 34. axb4 Qd5 35. Qc8+ Kg7 36. Qc3 {Nf5+ would kill now.} Kh7 37. h4 Qc4 38. Qa3 Be2 39. Kg2 Bf1+ 40. Kh2 $2 {[%mdl 8192] [#]} (40. Kg1 $11) 40... Qc8 $1 {Precision: White = 46%, Black = 71%.} 0-1

[Event "33rd ECCC Open 2017"]
[Site "Antalya"]
[Date "2017.10.11"]
[Round "2"]
[White "Bokros, Albert"]
[Black "Brunello, Sabino"]
[Result "1/2-1/2"]
[WhiteElo "2482"]
[BlackElo "2555"]
[Annotator "TA"]
[PlyCount "61"]
[EventType "team-tourn"]
[EventCountry "TUR"]
[SourceTitle "playchess.com"]
[Source "ChessBase"]
[SourceQuality "1"]
[WhiteTeam "Dunajska Streda"]
[BlackTeam "Padova"]

{[%evp 10,61,23,2,12,8,6,13,8,4,13,10,12,17,20,21,22,22,22,22,22,22,22,22,22,27,26,7,7,7,7,0,6,0,0,0,0,0,0,0,0,0,0,0,0,0,0,0,0,0,0,0,0,0]} 1. e4 e5 2. Nf3 Nc6 3. Bb5 a6 4. Ba4 Nf6 {[%cal Bg8f6,Bf6d7,Bd7f8,Bf8e6][%mdl 32]} 5. d3 d6 6. c4 Bg4 {C77: Ruy Lopez: 3...a6 4 Ba4 Nf6, unusual lines} 7. h3 Bxf3 8. Qxf3 Nd7 9. Be3 Be7 10. Nc3 Nf8 $146 ({Predecessor:} 10... Bg5 11. Nd5 Bxe3 12. fxe3 O-O 13. O-O Nc5 14. Bc2 {0-1 (56) Piorun,K (2609)-Olafsson,H (2549) Berlin 2015}) 11. Nd5 Ne6 12. Nb4 Qd7 13. Nxc6 bxc6 14. Rd1 Rb8 15. b3 Nc5 16. Bxc5 dxc5 17. Qg4 g6 18. Qxd7+ Kxd7 {The position is equal.} 19. Ke2 Bd6 20. f3 f5 21. g4 fxg4 22. fxg4 Be7 23. Rdf1 Rhf8 24. Rxf8 (24. h4 {seems wilder.} h6 25. Rf2 Rxf2+ 26. Kxf2 Rf8+ 27. Kg3) 24... Rxf8 25. Rf1 Rxf1 26. Kxf1 $11 {KB-KB} Bg5 27. Ke2 Kd6 28. Kf3 a5 29. Kg3 Bf4+ 30. Kf3 g5 31. Ke2 {Precision: White = 72%, Black = 85%.} 1/2-1/2

[Event "33rd ECCC Open 2017"]
[Site "Antalya"]
[Date "2017.10.09"]
[Round "2"]
[White "Pijpers, Arthur"]
[Black "Johannessen, Leif Erlend"]
[Result "1/2-1/2"]
[WhiteElo "2465"]
[BlackElo "2496"]
[Annotator "TA"]
[PlyCount "60"]
[EventType "team-tourn"]
[EventCountry "TUR"]
[SourceTitle "playchess.com"]
[Source "ChessBase"]
[SourceQuality "1"]
[WhiteTeam "Leiden"]
[BlackTeam "Oslo"]

{[%evp 19,60,53,64,66,66,47,52,46,72,48,77,52,60,42,36,52,47,27,57,26,33,17,33,-30,15,15,16,11,22,27,22,12,21,8,45,31,28,29,27,23,19,8,71]} 1. e4 Nf6 2. e5 Nd5 3. d4 d6 4. Nf3 dxe5 5. Nxe5 c6 6. Be2 Bf5 {B04: Alekhine's Defence: 4 Nf3} (6... Nd7 7. c4 Nc7 8. Nf3 g6 9. Nc3 Bg7 10. O-O O-O 11. Bf4 Nf6 12. h3 Bf5 13. Be5 Ne4 14. Bxg7 Kxg7 15. Re1 Nf6 16. Qd2 Qd6 17. Rad1 Rad8 18. Qe3 {1-0 (33) Eljanov,P (2734)-Kasimdzhanov,R (2676) Douglas 2017}) 7. O-O Nd7 8. c4 N5b6 9. Nf3 e6 10. Nc3 Be7 {LiveBook: 3 Games} 11. Bf4 O-O 12. Qb3 Qc8 $146 ({Predecessor:} 12... Nf6 13. h3 Ne4 14. Rfd1 {1-0 (40) Stevic,H (2607)-Rozentalis,E (2593) Drancy 2016}) 13. Rac1 Nf6 14. a4 {[%cal Ba2a4,Ba4a5][%mdl 32]} Ne4 15. Nxe4 Bxe4 16. Qe3 Bf5 17. a5 Nd7 18. d5 Bf6 19. Qa3 Re8 20. d6 (20. Rfe1 {is more complex.} b6 21. Bg3 c5 22. Nh4 g6 23. Bf3) 20... c5 21. Bg5 ({White should try} 21. b4 $14) 21... e5 22. Bxf6 Nxf6 23. Rfd1 e4 24. Ne1 Rd8 25. b4 b6 26. Nc2 Ne8 27. bxc5 Qxc5 28. Qxc5 bxc5 29. Rd5 Be6 30. Rxc5 Nxd6 {Precision: White = 41%, Black = 48%.} (30... Rxd6 $11 31. Ne3 Rd2) 1/2-1/2

[Event "33rd ECCC Open 2017"]
[Site "Antalya"]
[Date "2017.10.11"]
[Round "2"]
[White "Christiansen, Johan-Sebastian"]
[Black "McHugh, Kevin"]
[Result "1-0"]
[WhiteElo "2462"]
[BlackElo "2084"]
[Annotator "TA"]
[PlyCount "55"]
[EventType "team-tourn"]
[EventCountry "TUR"]
[SourceTitle "playchess.com"]
[Source "ChessBase"]
[SourceQuality "1"]
[WhiteTeam "Valerenga"]
[BlackTeam "Benildus"]

{[%evp 22,55,68,68,76,43,66,45,62,61,74,50,73,58,89,24,64,57,61,62,76,7,114,76,70,22,100,5,47,69,200,174,228,237,368,353]} 1. c4 Nf6 2. g3 g6 3. Bg2 Bg7 4. Nc3 O-O 5. d4 d6 6. Nf3 {[%cal Bg1f3,Bf3d4,Bd4e2][%mdl 32]} Nbd7 7. O-O e5 8. b3 Re8 9. e4 exd4 10. Nxd4 Nc5 11. f3 Bd7 {E68: King's Indian: Fianchetto: 6...Nbd7 7 0-0 e5 8 e4} (11... c6 12. Be3 a6 13. Qd2 Nfd7 14. b4 Ne5 15. Qe2 Ne6 16. Rad1 Qc7 17. Rfe1 Rb8 18. h3 b5 19. cxb5 axb5 20. Nxe6 Bxe6 {0-1 (34) Jakovenko,D (2704)-Grischuk,A (2737) Doha 2016}) 12. Be3 {LiveBook: 3 Games} Ne6 13. Nde2 Bc6 {White is slightly better.} 14. Qd2 b6 $146 ({Predecessor:} 14... Qe7 15. Rad1 a6 16. Nd5 Bxd5 17. cxd5 Nf8 18. Bg5 Qd7 19. Rc1 {1-0 (34) Uhlmann,W (2490)-Hoffmann,H (2225) Bad Schandau 1995}) 15. Rac1 a5 16. Rfd1 Qc8 17. a3 {[%cal Ba2a3,Ba3b4][%mdl 32]} Qb7 18. Bf1 ({Better is} 18. Nd4 $16) 18... Rad8 19. b4 axb4 20. axb4 Ra8 21. g4 (21. Bg2 $16) 21... h5 (21... Ba4 $11 {remains equal.}) 22. g5 Nh7 23. f4 {[%cal Bf3f4,Bf4f5][%mdl 32]} f6 (23... Bxc3 $11 {keeps the balance.} 24. Nxc3 Bxe4) 24. h4 (24. Bg2 $16 {And now b5 would win.} f5 25. Qc2) 24... fxg5 25. hxg5 Rf8 ({Black should play} 25... Bxe4 $14 26. Nxe4 Qxe4) 26. Bh3 Bd7 (26... Rae8 $142) 27. Bg2 $18 Rad8 {[#]} (27... Rae8 $142 28. f5 gxf5) 28. f5 $1 {[%mdl 512] Precision: White = 36%, Black =  3%.} 1-0